[Event "Tirgu Mures Cup III-A "]
[Site "Tirgu Mures"]
[Date "2008.02.03"]
[Round "3"]
[White "Csillag, Istvan"]
[Black "Pop, Alexandru"]
[Result "1/2-1/2"]
[WhiteElo "1991"]
[BlackElo "1874"]
[PlyCount "85"]
[EventDate "2008.02.02"]
[EventType "swiss"]
[EventRounds "7"]
[EventCountry "ROU"]
[SourceTitle "EXT 2010"]
[Source "ChessBase"]
[SourceDate "2010.11.25"]
[SourceVersion "1"]
[SourceVersionDate "2010.11.25"]
[SourceQuality "1"]

1. d4 Nf6 2. c4 e6 3. g3 d5 4. Nf3 dxc4 5. Bg2 Be7 6. Qa4+ Bd7 7. Qxc4 Bc6 8. 0-0 0-0 9. Nc3 Nd5 10. a3 Nd7 11. b4 N7b6 12. Qd3 Nxc3 13. Qxc3 Bb5 14. Re1 Nd5 15. Qb3 a5 16. bxa5 Rxa5 17. Bd2 Ba4 18. Qxb7 Rb5 19. Qc6 Qa8 20. Qxa8 Rxa8 21. e4 Nb6 22. Bf1 Rb3 23. Re3 Rxe3 24. fxe3 Bc2 25. Rc1 Bxe4 26. Ne5 Nd5 27. Bc4 Bxa3 28. Bxd5 Bxd5 29. Rxc7 Bd6 30. Rc1 f6 31. Nc4 Bc7 32. Kf2 Ra2 33. Ke1 Kf7 34. Nb2 Bxg3+ 35. hxg3 Rxb2 36. Ke2 Kg6 37. Rc7 Rb7 38. Rxb7 Bxb7 39. Bb4 Kf5 40. Bd6 Kg4 41. Kf2 g5 42. Be7 f5 43. Bd6 1/2-1/2